000 00631nam a22002417a 4500
001 79100
003 UA-OsUOA
005 20211007092101.0
007 ta
008 20111102b un ||||| |||| 00| 0 ukr d
020 _a5831700113
040 _aUA-OsUOA
_brus
_cUA-OsUOA
_dUA-OsUOA
041 _arus
080 _a821.161.1
090 _a821.161.1
_bБ46
100 _aБенцони Ж.
245 _aМарианна. В огненном венке
_nКн. 5 и 6
260 _aМ.
_bКрон-Прес
_c1992
300 _a464 с.
650 7 _a821 Художня література
_2UDC
942 _cBK
_2udc
955 _a3
999 _c365418
_d365418